[Event "Verona-chT Serie A2/3 51st"]
[Site "Verona"]
[Date "2019.03.17"]
[Round "5.3"]
[White "Azzola, Armando"]
[Black "Fiorido, Giuseppe"]
[Result "0-1"]
[WhiteElo "1718"]
[BlackElo "2010"]
[PlyCount "114"]
[EventDate "2019.03.15"]
[EventType "team-tourn"]
[EventRounds "5"]
[EventCountry "ITA"]
[SourceTitle "EXT 2022"]
[Source "ChessBase"]
[SourceDate "2021.10.06"]
[SourceVersion "1"]
[SourceVersionDate "2021.10.06"]
[SourceQuality "1"]
[WhiteTeam "Udine CUS"]
[BlackTeam "Maniago"]
[WhiteTeamCountry "ITA"]
[BlackTeamCountry "ITA"]

1. e4 c6 2. Nf3 d5 3. exd5 cxd5 4. Ne5 Nf6 5. d4 Nc6 6. Bb5 Bd7 7. Nxd7 Qxd7 8. Nc3 a6 9. Ba4 e6 10. a3 b5 11. Bb3 Be7 12. 0-0 Rc8 13. Ne2 Bd6 14. c3 0-0 15. Bf4 Na5 16. Bc2 Nc4 17. Bxd6 Qxd6 18. Rb1 a5 19. Bd3 Rc7 20. Bxc4 bxc4 21. Ng3 Rb8 22. Re1 Rcb7 23. Qc2 Rb3 24. f3 Qb6 25. Re2 Rxa3 26. h4 Rb3 27. Qd2 a4 28. Ra1 Rxb2 29. Qxb2 Qxb2 30. Rxb2 Rxb2 31. Rxa4 g6 32. Kf1 Rb3 33. Ne2 Rb7 34. Ra1 Kg7 35. Nf4 h6 36. Ne2 g5 37. hxg5 hxg5 38. g4 Nd7 39. Kf2 Rb2 40. Rc1 Nf8 41. Ke3 Ng6 42. f4 gxf4+ 43. Nxf4 Nxf4 44. Kxf4 Kg6 45. Kf3 Rd2 46. Kf4 Re2 47. Rh1 Rf2+ 48. Ke5 Rf3 49. Rc1 Kg5 50. Kd6 Kxg4 51. Ke7 Rf5 52. Rh1 Kf4 53. Rh3 Ke4 54. Rg3 Rf4 55. Rg1 Rf3 56. Rd1 Rxc3 57. Kxf7 e5 0-1

[Event "Verona-chT Serie A2/3 51st"]
[Site "Verona"]
[Date "2019.03.17"]
[Round "4.3"]
[White "Gioga, Michele"]
[Black "Azzola, Armando"]
[Result "1/2-1/2"]
[WhiteElo "1802"]
[BlackElo "1718"]
[PlyCount "55"]
[EventDate "2019.03.15"]
[EventType "team-tourn"]
[EventRounds "5"]
[EventCountry "ITA"]
[SourceTitle "EXT 2022"]
[Source "ChessBase"]
[SourceDate "2021.10.06"]
[SourceVersion "1"]
[SourceVersionDate "2021.10.06"]
[SourceQuality "1"]
[WhiteTeam "Verona Battinelli"]
[BlackTeam "Udine CUS"]
[WhiteTeamCountry "ITA"]
[BlackTeamCountry "ITA"]

1. e4 e5 2. Nf3 Nc6 3. Bb5 g6 4. Bxc6 dxc6 5. d4 exd4 6. Qxd4 Qxd4 7. Nxd4 Bg7 8. c3 Bd7 9. Be3 c5 10. Ne2 b6 11. Nd2 Nf6 12. f3 Bb5 13. Rd1 0-0-0 14. Kf2 h5 15. Bg5 Rd7 16. h4 Re8 17. Rhe1 Ng8 18. Nf1 Bc4 19. Rxd7 Kxd7 20. Rd1+ Kc8 21. Ne3 Bb5 22. c4 Ba6 23. b3 c6 24. Bf4 Be5 25. Bxe5 Rxe5 26. Nf4 Kc7 27. g3 Bc8 28. Nd3 1/2-1/2

[Event "Verona-chT Serie A2/3 51st"]
[Site "Verona"]
[Date "2019.03.15"]
[Round "1.3"]
[White "Rossi, Paolo"]
[Black "Azzola, Armando"]
[Result "1-0"]
[WhiteElo "1982"]
[BlackElo "1718"]
[PlyCount "65"]
[EventDate "2019.03.15"]
[EventType "team-tourn"]
[EventRounds "5"]
[EventCountry "ITA"]
[SourceTitle "EXT 2022"]
[Source "ChessBase"]
[SourceDate "2021.10.06"]
[SourceVersion "1"]
[SourceVersionDate "2021.10.06"]
[SourceQuality "1"]
[WhiteTeam "Udine DLF"]
[BlackTeam "Udine CUS"]
[WhiteTeamCountry "ITA"]
[BlackTeamCountry "ITA"]

1. e4 e5 2. Nf3 Nc6 3. Bb5 g6 4. c3 Bg7 5. d3 Nge7 6. Nbd2 0-0 7. Nc4 a6 8. Bxc6 Nxc6 9. Qc2 b5 10. Ne3 Ne7 11. Bd2 d5 12. h3 Bb7 13. 0-0-0 d4 14. Ng4 Qd6 15. Bh6 Bxh6+ 16. Nxh6+ Kg7 17. Qd2 f5 18. Rhe1 c5 19. Nh4 f4 20. Ng4 h5 21. Nh2 Bc8 22. N4f3 Qf6 23. Rg1 h4 24. g3 hxg3 25. fxg3 dxc3 26. bxc3 Bxh3 27. gxf4 Qxf4 28. Rg5 Nc6 29. Rdg1 Rf6 30. Qxf4 exf4 31. Rxc5 b4 32. e5 Re6 33. Ng5 1-0